DESARROLLO DE PROTOTIPO DE SOFTWARE PARA LA GESTIÓN DE LA DESNUTRICIÓN CRÓNICA Y AGUDA EN NIÑOS MENORES A 5 AÑOS PARA LA MUNICIPALIDAD DE COBÁN, ALTA VERAPAZ/ (Registro nro. 2210)

Detalles MARC
000 -LEADER
campo de control de longitud fija 03352nam a22003257a 4500
001 - NÚMERO DE CONTROL
campo de control TICS 003
003 - IDENTIFICADOR DE NÚMERO DE CONTROL
campo de control gtcocun
005 - FECHA Y HORA DE LA ÚLTIMA TRANSACCIÓN
campo de control 20251003151452.0
006 - CÓDIGOS DE INFORMACIÓN DE LONGITUD FIJA--CARACTERÍSTICAS DEL MATERIAL ADICIONAL
campo de control de longitud fija a||||gr|||| 00| 0
007 - CAMPO FIJO DE DESCRIPCIÓN FÍSICA--INFORMACIÓN GENERAL
campo de control de longitud fija ta
008 - DATOS DE LONGITUD FIJA--INFORMACIÓN GENERAL
campo de control de longitud fija 251003b2023 gt ||||| |m|| 00| 0 eng d
040 ## - FUENTE DE CATALOGACIÓN
Centro catalogador/agencia de origen gtcocun
Lengua de catalogación SPA
Centro/agencia transcriptor gtcocun
Normas de descripción RDA
041 ## - CÓDIGO DE IDIOMA
Código de lengua del texto/banda sonora o título independiente SPA TICS 003
084 ## - OTRO NÚMERO DE CLASIFICACIÓN
Número de control del registro de autoridad o número normalizado TICS 003
100 ## - ENTRADA PRINCIPAL--NOMBRE DE PERSONA
Nombre de persona Requena Ligorria, Luis Renato
Término indicativo de función/relación Autor
245 ## - MENCIÓN DEL TÍTULO
Título DESARROLLO DE PROTOTIPO DE SOFTWARE PARA LA GESTIÓN DE LA DESNUTRICIÓN CRÓNICA Y AGUDA EN NIÑOS MENORES A 5 AÑOS PARA LA MUNICIPALIDAD DE COBÁN, ALTA VERAPAZ/
Mención de responsabilidad, etc. Luis Renato Requena Ligorria.
Medio Impreso
264 ## - PRODUCCIÓN, PUBLICACIÓN, DISTRIBUCIÓN, FABRICACIÓN Y COPYRIGHT
Producción, publicación, distribución, fabricación y copyright Cobán, Alta Verapaz:
Nombre del de productor, editor, distribuidor, fabricante Universidad de San Carlos de Guatemala, Centro Universitario del Norte,
Fecha de producción, publicación, distribución, fabricación o copyright 2023
300 ## - DESCRIPCIÓN FÍSICA
Extensión 198 p.:
Otras características físicas Ilustraciones, gráficas.
Dimensiones 28 cm;
336 ## - TIPO DE CONTENIDO
Fuente rdacontenido
Término de tipo de contenido Texto
Código de tipo de contenido txt
337 ## - TIPO DE MEDIO
Fuente rdamedio
Nombre/término del tipo de medio Computadora
Código del tipo de medio n
338 ## - TIPO DE SOPORTE
Fuente rdasoporte
Nombre/término del tipo de soporte Código en línea
Código del tipo de soporte cr
502 ## - NOTA DE TESIS
identificador de la tesis TICS 003
502 ## - NOTA DE TESIS
Nota de tesis Tesis de grado
Tipo de título Carrera Ingeniería en Ciencias y Sistemas,
Nombre de la institución que otorga el título Universidad de San Carlos de Guatemala, Centro Universitario del Norte, Carrera Ingeniería en Ciencias y Sistemas
Año de obtención del título 2023
Identificador de la tesis TICS 003
520 14 - RESUMEN, ETC.
Sumario, etc. La presente investigación aborda la problemática de la desnutrición crónica y aguda en<br/>niños menores de 5 años en el municipio de Cobán, Alta Verapaz, con un enfoque<br/>interdisciplinario entre la tecnología y la salud pública. Esta investigación se centró en<br/>desarrollar un prototipo de software que mejore la gestión y el control de la desnutrición<br/>infantil y proporcionó una herramienta tecnológica para el procesamiento de datos y la<br/>toma de decisiones informadas. Por lo tanto, se recopiló información detallada sobre el<br/>proceso de gestión actual de la desnutrición infantil en el municipio. Esto permitió<br/>identificar los desafíos existentes, como la falta de centralización de datos, la generación<br/>manual de informes y la duplicación de registros.<br/><br/>Se diseñó un modelo aplicable que sistematiza la gestión y el control de la desnutrición<br/>mediante la automatización de procesos de recolección y procesamiento de datos. En<br/>adición, se utilizó la metodología Scrum, que permitió una gestión ágil del proyecto y una<br/>colaboración efectiva entre los interesados. Para prototipo resultante se utilizaron<br/>tecnologías como Angular y Java Spring Boot, para garantizar una interfaz de usuario<br/>versátil y una lógica de aplicación sólida.<br/><br/>Este sistema de información ofrece la capacidad de identificar casos de desnutrición de<br/>manera temprana y brinda un seguimiento preciso, lo que puede conducir a intervenciones<br/>más efectivas y una mejora significativa en la salud de la población infantil. Durante el<br/>desarrollo de esta investigación se demuestra cómo la colaboración entre la ingeniería y la<br/>medicina puede generar soluciones tecnológicas efectivas para abordar desafíos de salud<br/>pública en la sociedad.
650 ## - PUNTO DE ACCESO ADICIONAL DE MATERIA--TÉRMINO DE MATERIA
Fuente del encabezamiento o término LEMB
Término de materia o nombre geográfico como elemento de entrada Cobán, Alta Verapaz
Subdivisión general Ingeniería en Ciencias y Sistemas
-- Desnutrición
-- Salud
-- Software
-- Desarrollo
-- Gestión
-- Sistema
700 ## - ENTRADA AGREGADA--NOMBRE PERSONAL
Nombre de persona Ing. Luis Jacobo Rodas Morales
Término indicativo de función/relación Asesor
856 ## - LOCALIZACIÓN Y ACCESO ELECTRÓNICOS
Identificador Uniforme de Recurso <a href="https://drive.google.com/file/d/1iG276AAP8XdRw5-2ves9MmJNv5qvpTq8/view">https://drive.google.com/file/d/1iG276AAP8XdRw5-2ves9MmJNv5qvpTq8/view</a>
Texto de enlace PDF
Nota pública Un ejemplar en línea.
942 ## - ELEMENTOS DE ENTRADA SECUNDARIOS (KOHA)
Fuente de la clasificación o esquema de estantería Clasificación Decimal Dewey
Tipo de ítem Koha TESIS
Parte de la signatura que identifica el ejemplar (Parte del ítem) TICS 003
Prefijo de la signatura Clasificación
Suprimir en OPAC No
-- TICS_003_000000000000000
Existencias
Estatus retirado Estado de pérdida Fuente de la clasificación o esquema de estantería Estado de daño No para préstamo Colección Biblioteca de origen Biblioteca actual Ubicación en estantería Fecha de adquisición Número de inventario Total de préstamos Signatura topográfica completa Código de barras Visto por última vez Precio de reemplazo Tipo de ítem Koha
    Clasificación Decimal Dewey     tesis BIBLIOTECA- CUNOR -JOSÉ LUIS GONZALES ROSALES BIBLIOTECA- CUNOR -JOSÉ LUIS GONZALES ROSALES Colección tesis 03/10/2025 TICS 003   TICS 003 TICS 003 03/10/2025 03/10/2025 TESIS